• 首页
  • 本馆介绍
  • 公告通知
  • 最新文献
  • 馆藏检索
  • 电子资源
  • 读者导购
  • 参考咨询
  • 我的图书馆
  • 登录
  • 详细信息显示
  • 放入我的书架
  • 预约/预借图书
  • 作者相关作品
  • 分类相关作品
  • 丛书相关作品
  • 出版社相关作品

书目信息

  • 表格格式
  • 工作单格式
  • 卡片格式
题名:
金融危机和金融监管
    
 
作者: 卢祖送 著
分册:  
出版信息: 北京   经济日报出版社  2018
页数: 212页
开本: 24cm
丛书名:
单 册:
中图分类: F832.1
科图分类:
主题词: 金融监管--研究--中国
电子资源:
ISBN: 978-7-5196-0274-1
000 00752nam0 2200241 450
001 012001003083
005 20140926114740.0
010    @a978-7-5196-0274-1@dCNY42.00
100    @a20180513d2018 kemy0chiy50 ea
101 0  @achi
102    @aCN@b110000
105    @ay v 000yy
106    @ar
200 1  @a金融危机和金融监管@9jin rong wei ji he jin rong jian guan@f卢祖送著
210    @a北京@c经济日报出版社@d2018
215    @a212页@d24cm
300    @a当代中国学术文库
330    @a本书从监管的必要性和可行性,监管的原则和监管的重点,以及监管的内容等角度重点分析了金融监管。
606 0  @a金融监管@x研究@y中国
690    @aF832.1@v5
701  0 @a卢祖送@9lu zu song@4著
801  0 @aCN@b上海新华@c20180901
905    @b1162110-4@dF832.1@e185@f5
    
    金融危机和金融监管/卢祖送著.-北京:经济日报出版社,2018
    212页;24cm
    当代中国学术文库
    
    ISBN 978-7-5196-0274-1:CNY42.00
    本书从监管的必要性和可行性,监管的原则和监管的重点,以及监管的内容等角度重点分析了金融监管。
●
相关链接 在E读中查询图书 在五车中查询图书 在当当中查询图书 在豆瓣中查询图书


正题名:金融危机和金融监管     索取号:F832.1/185         预约/预借

序号 登录号 条形码 馆藏地/架位号 状态 备注
1 1162110   211621100   第一样本阅览室/ [索取号:F832.1/185] 在馆    
2 1162111   211621119   第一借阅区/ [索取号:F832.1/185] 在馆    
3 1162112   211621128   第一借阅区/ [索取号:F832.1/185] 在馆    
4 1162113   211621137   第一借阅区/ [索取号:F832.1/185] 在馆    
5 1162114   211621146   密集书库-海洋学院/ [索取号:F832.1/185] 在馆    
唐山师范学院图书馆 欢迎您!
大连网信软件有限公司© 版权所有